00297nam a2200133Ia 4500008004100000020001500041041001200056082001100068100000900079245002600088260002500114300000800139650001600147221030s9999 xx 000 0 und d a0070593612 aEnglish a105.23 aISRD 0aComputer Organisation bTMHaNew Delhic2009 a287 aBE Computer